000 00517nam a22001697a 4500
005 20250401113052.0
008 250401b |||||||| |||| 00| 0 eng d
020 _a9781035327454
041 _aeng
082 _a658.421 CUC
100 _aCucculelli, Marco
245 _aUnpacking Innovation: Corporate Dynamics Business Models and Digital Technologies
260 _aUK
_bEdward Elgar Publishing
_c2024
300 _a155;. pages: 24 cm
650 _a Business Enterprises; Technological Innovations
942 _cBK
999 _c43490
_d43490